000 00276nam a22001337a 4500
008 181023b xxu||||| |||| 00| 0 eng d
020 _a9780897895859
041 _aeng
080 _a371
100 _a46
101 _aEDU
245 _aHomework
_cHong,E
942 _2udc
_cBK
999 _c50661
_d50661